| 000 | 00000cas 2200000zi 4500 |
| 001 | 9.958225 |
| 003 | CaOODSP |
| 005 | 20260128101049 |
| 006 | m o d f |
| 007 | cr cn |||||||| |
| 008 | 241212c20229999oncar p o f0 a0eng|d |
| 020 | |z9780660465951 |
| 022 | |a2819-8158 |
| 040 | |aCaOODSP|beng|erda|cCaOODSP |
| 043 | |an-cn--- |
| 086 | 1 |aBT1-77E-PDF|zBT48-33/2022E-PDF |
| 222 | 0|aCanada's digital ambition ... |
| 245 | 00|aCanada's digital ambition ... |
| 246 | 34|aGovernment of Canada's digital ambition |
| 264 | 1|a[Ottawa] : |b[Treasury Board of Canada Secretariat], |c[2022]- |
| 310 | |aAnnual |
| 336 | |atext|btxt|2rdacontent |
| 337 | |acomputer|bc|2rdamedia |
| 338 | |aonline resource|bcr|2rdacarrier |
| 362 | 1 |aBegan with: Fiscal year 2022. |
| 500 | |aIssued also in French under title: Ambition numérique du Canada ... |
| 588 | |aDescription based on: 2022. |
| 588 | |aLatest issue consulted: 2022. |
| 650 | 0|aTransparency (Ethics) in government|zCanada|vPeriodicals. |
| 650 | 0|aWeb services|xGovernment policy|zCanada|vPeriodicals. |
| 650 | 0|aGovernment websites|zCanada|vPeriodicals. |
| 655 | 7|aPeriodicals|2lcgft |
| 710 | 1 |aCanada. |bTreasury Board, |eissuing body. |
| 775 | 08|tAmbition numérique du Canada ...|w(CaOODSP)9.958224 |